[Event "Norway Chess 9th"]
[Site "Stavanger"]
[Date "2021.09.14"]
[Round "7"]
[White "Tari, Aryan"]
[Black "Carlsen, Magnus"]
[Result "0-1"]
[WhiteElo "2642"]
[BlackElo "2855"]
[PlyCount "102"]
[EventDate "2021.09.07"]
[EventType "tourn"]
[EventRounds "10"]
[EventCountry "NOR"]
[EventCategory "21"]
[SourceTitle "CBM 204"]
[Source "ChessBase"]
[SourceDate "2021.10.31"]
[SourceVersion "1"]
[SourceVersionDate "2021.10.31"]
[SourceQuality "1"]

1. e4 e5 2. Nf3 Nc6 3. Bb5 a6 4. Ba4 Nf6 5. O-O Be7 6. Re1 b5 7. Bb3 O-O 8. c3 Na5 9. Bc2 d5 10. d4 dxe4 11. Nxe5 c5 12. Be3 Bb7 13. Nd2 Rc8 14. h3 ({RR} 14. Nf1 Qc7 15. Ng3 Rfd8 16. Rc1 cxd4 17. Bxd4 Bc5 18. Ng4 Bxd4 19. cxd4 Qf4 20. Nxf6+ Qxf6 21. Bxe4 Qxd4 22. Qxd4 Rxd4 23. Bxb7 Rxc1 24. Rxc1 Nxb7 25. Kf1 g6 26. Ke2 Kg7 27. Ke3 Ra4 28. a3 Nd6 {Mazur,S (2398)-Sosa,T (2519) Santa Cruz de La Palma ESP 2025 ½-½ (35)}) 14... Re8 $146 ({RR} 14... b4 15. Rc1 Bd5 16. c4 cxd4 17. Bxd4 Nxc4 18. Ndxc4 Bxc4 19. Bxe4 Nxe4 20. Nxc4 Bg5 21. Rxe4 Bxc1 22. Qxc1 f5 23. Rf4 g5 24. Qe3 gxf4 25. Qe6+ Rf7 26. Nd6 Rc1+ 27. Kh2 Qe7 28. Qd5 Re1 29. Nxf5 {Kong,X (2457)-Li Chao2 (2635) Shaoxing CHN 2024 ½-½ (31)}) 15. Ng4 Nd5 16. Bxe4 Nxe3 17. Nxe3 cxd4 18. cxd4 Bxe4 19. Nxe4 Bb4 20. Nc3 Rxc3 21. bxc3 Bxc3 22. Re2 Bxa1 23. Qxa1 Nc4 24. Qe1 Nd6 25. Nd5 Rxe2 26. Qxe2 Kf8 27. Ne3 g6 28. Qf3 Kg7 29. Qd5 Qf6 30. a3 Qe6 31. Qc5 Ne4 32. Qc2 h5 33. Qd3 Nd6 34. Qd2 Qf6 35. Nd5 Nc4 36. Qc3 Qd6 37. Nb4 a5 38. Nc2 a4 39. Qd3 h4 40. d5 Qe5 41. Ne3 Qa1+ 42. Kh2 Qe5+ 43. Kg1 Nxe3 44. fxe3 b4 45. d6 Qa1+ 46. Kf2 bxa3 47. d7 Qf6+ 48. Ke2 a2 49. d8=Q Qxd8 50. Qxd8 a1=Q 51. Qxh4 a3 0-1

[Event "Norway Chess 9th"]
[Site "Stavanger"]
[Date "2021.09.15"]
[Round "8"]
[White "Carlsen, Magnus"]
[Black "Rapport, Richard"]
[Result "1-0"]
[WhiteElo "2855"]
[BlackElo "2760"]
[PlyCount "153"]
[EventDate "2021.09.07"]
[EventType "tourn"]
[EventRounds "10"]
[EventCountry "NOR"]
[EventCategory "21"]
[SourceTitle "CBM 204"]
[Source "ChessBase"]
[SourceDate "2021.10.31"]
[SourceVersion "1"]
[SourceVersionDate "2021.10.31"]
[SourceQuality "1"]

1. e4 e5 2. Nf3 Nc6 3. Bb5 Nf6 4. d3 Ne7 5. O-O c6 6. Ba4 Ng6 7. Re1 Be7 8. d4 d6 9. c3 ({RR} 9. c4 O-O 10. d5 cxd5 11. cxd5 Nh5 12. Nc3 Ngf4 13. Be3 f5 14. Bc2 fxe4 15. Bxe4 Bg4 16. h3 Bxh3 17. gxh3 Qd7 18. Nh2 Nxh3+ 19. Kh1 g6 20. Qg4 Rxf2 21. Rg1 Qxg4 22. Nxg4 Rxb2 23. Rab1 Rxb1 {Groenewoud,J (2257)-Darie,A (2035) Amsterdam NED 2025 0-1 (49)}) 9... O-O 10. Nbd2 h6 11. Nf1 $146 ({RR} 11. Bc2 Nh7 12. Nc4 Be6 13. Ne3 Ng5 14. d5 Nxf3+ 15. Qxf3 cxd5 16. exd5 Bd7 17. Nf5 Bxf5 18. Qxf5 Bg5 19. Bxg5 Qxg5 20. Qxg5 hxg5 21. Bxg6 fxg6 22. g3 Rac8 23. Re4 Rc5 24. Rd1 b5 25. Rg4 Rc4 {Predojevic,B (2616)-Nestorovic,N (2405) Sarajevo 2013 ½-½ (66)}) 11... Re8 12. Ng3 a5 13. Bc2 Qc7 14. a4 Bd7 15. h3 b5 16. Be3 Rab8 17. Qd2 b4 18. Bd3 bxc3 19. bxc3 Be6 20. Qc2 Rb7 21. Nf1 Nh5 22. N1d2 Nhf4 23. Ba6 Rbb8 24. dxe5 dxe5 25. Rab1 Bd7 26. Bc4 Ne6 27. Qa2 Nh4 28. Nxh4 Bxh4 29. Nf3 Be7 30. Rbd1 Bc8 31. Qc2 Nf8 32. Rd2 Be6 33. Qa2 Red8 34. Rxd8 Bxd8 35. Rd1 Be7 36. h4 Rd8 37. Rb1 Rb8 38. Rxb8 Qxb8 39. g3 Bd8 40. Kg2 Bc7 41. Bxe6 Nxe6 42. Qc4 Qe8 43. h5 Kh7 44. Qd3 Qe7 45. Nd2 Bd6 46. Nc4 Bc7 47. Qd1 Nf8 48. Qg4 Nd7 49. Kf1 Qe8 50. Kg2 Qe7 51. Qf5+ Kg8 52. g4 Nf8 53. g5 hxg5 54. Bxg5 Qc5 55. Ne3 Qd6 56. Qg4 g6 57. Bh6 Nd7 58. Nc4 Nf6 59. Qc8+ Qd8 60. Qxd8+ Bxd8 61. Bg5 gxh5 62. Bxf6 Bxf6 63. Nxa5 Kf8 64. Nxc6 Ke8 65. Nb4 Bd8 66. Nd3 f6 67. Kg3 Kd7 68. f3 Ba5 69. c4 Ke6 70. Kh4 f5 71. Kxh5 fxe4 72. fxe4 Kd6 73. Kg6 Bc7 74. Kf5 Kc6 75. Ke6 Kb6 76. Kd7 Bb8 77. c5+ 1-0

[Event "Norway Chess 9th"]
[Site "Stavanger"]
[Date "2021.09.16"]
[Round "9"]
[White "Carlsen, Magnus"]
[Black "Karjakin, Sergey"]
[Result "1-0"]
[WhiteElo "2855"]
[BlackElo "2758"]
[Annotator "Nielsen,Peter Heine"]
[PlyCount "105"]
[EventDate "2021.09.07"]
[EventType "tourn"]
[EventRounds "10"]
[EventCountry "NOR"]
[EventCategory "21"]
[SourceTitle "CBM 204"]
[Source "ChessBase"]
[SourceDate "2021.10.31"]
[SourceVersion "1"]
[SourceVersionDate "2021.10.31"]
[SourceQuality "1"]

{[%evp 0,105,16,26,53,50,42,-17,38,-20,31,-29,-15,-44,35,13,40,25,59,43,52,51,49,29,60,32,34,-5,8,8,-1,-5,-5,17,29,-9,11,-44,-3,-23,-28,-31,-1,-12,-17,-38,-26,-34,-19,-21,9,-93,-21,-106,-28,-39,-26,-24,-2,-30,19,9,40,82,135,176,214,208,147,188,221,105,140,126,207,105,110,125,178,175,186,65,114,97,81,81,81,81,86,74,145,134,138,151,156,144,202,204,204,226,226,226,226,160,244,237,303,310]} 1. e4 e5 2. Nf3 Nc6 3. Bb5 Nf6 4. d3 Bc5 5. Bxc6 dxc6 6. O-O Nd7 7. c3 h6 8. Nbd2 O-O 9. Nc4 Re8 10. b4 ({RR} 10. Re1 a5 11. h3 a4 12. Ncxe5 Nxe5 13. Nxe5 Bxf2+ 14. Kxf2 Rxe5 15. Bf4 Re6 16. Kg1 Rg6 17. Qf3 c5 18. Rf1 Be6 19. a3 Qd7 20. Kh2 Bb3 21. Qe2 Re8 22. c4 b5 23. cxb5 Qxb5 24. Rac1 Qc6 {Munguntuul,B (2331)-Goryachkina,A (2546) Monaco MNC 2025 ½-½ (40)}) 10... Bd6 11. Be3 Nf8 12. Nfd2 $146 ({RR} 12. h3 Ng6 13. a4 Bf8 14. Qc2 Qf6 15. Qe2 b6 16. Nfd2 Be6 17. a5 b5 18. Nb2 a6 19. Qf3 Rad8 20. Rfd1 Qh4 21. Nf1 Bd6 22. Ng3 Nf4 23. Nf5 Bxf5 24. exf5 Nd5 25. Bd2 e4 26. dxe4 Rxe4 {Anton Guijarro,D (2703)-Salgado Lopez,I (2584) chess24.com INT 2020 ½-½ (35)}) 12... Ng6 13. Nxd6 cxd6 14. a4 d5 15. Nb3 b6 16. a5 Rb8 17. Qc2 Be6 18. Rfb1 Re7 19. c4 d4 20. Bd2 f5 21. axb6 axb6 22. f3 Rf7 23. Rf1 Kh7 24. exf5 Bxf5 25. Be1 Qg5 26. Rd1 h5 27. Bd2 Qh4 28. Rde1 Ra8 29. Ra1 Raf8 30. Ra6 {It is a commonly used trick by seconds for upcoming World Championship matches to refuse to say anything about the opening moves claiming the need for secrecy and not revealing any secrets. Using that privilege to skip the first 30 moves is indeed taking it too far, but the only thing to report til now is that Karjakin has a strategically winning position and that after e.g the retreat 30...Qd8!? the Norwegian computer "Sesse" always following Magnus games, gave as much as +3(!) for Black. But simply ...h4-h3 next would undermine White's defences and win trivially. But having already beaten Magnus once during this event, Karjakin thought why not make it 2-0 and in style?} e4 $6 {Magnus won 4 games in a row at Stavanger, and while in other sports or even in earlier stages of chess history that would not be seen as something special, in modern top-level tournaments it certainly is. Streaks requires a mixture of luck and skill, and as Larsen once pointed out, it is easier to win a bad position than a completely equal one.} (30... Qd8 $5) 31. Nxd4 $1 {Taking his chance ( and a pawn!) immediately, but Karjakin obviously was expecting that and has a cunning plan up his sleeve:} exf3 32. Nxf3 Bh3 $5 {One can understand Karjakins attraction to this move. Not only is it beautiful, but also logical. White has a stranded rook on the queenside, while all black pieces join the attack on the white king. It would not be unreasonable if Black was just winning, but Magnus has a resource:} 33. Rf2 $1 {Absolutely neccesary amd modest-looking, but excactly enough fence off the black attack! 33...Bxg2 perhaps was what Karjakin intended, hoping for 34 Nxh4 Rxf2 but 35 Ng5+! turns the tables, as in this version of Black sacrificing his queen, after 35...Qxg5 36 Bxg5 Rxf2 suddenly 37 Qxf2 has become available. The computer suggests the calm 33...Kg8!? with an ultimately balanced position, but Karjakins ove also is not bad:} Rxf3 (33... Bxg2 34. Ng5+ $1 (34. Nxh4 Rxf2) 34... Qxg5 35. Bxg5 Rxf2 36. Qxf2 $1) (33... Kg8 $5) 34. gxf3 Rf5 $2 {But here however he falters.} (34... Bg4 $5 {was the logical way continuing to attack with maximum energy, when after} 35. f4 Ne5 $1 {Black once again exploits that White can not take the offered piece. Surprisingly White would still be able to defend, as both} 36. Bc3 {and 36.Be3 keeps him in the game most likely to end in a draw by perpetual check}) 35. d4 $1 {Materially White is ahead plenty, so more importantly this opens the diagonal of the white queen towards the king on h7, as well as the 3-rank where the rook via a3 can join the defence.} Qxd4 36. Ra3 {36.f4! would have been more precise, as now 36...Re5!? becomes an extra option.} (36. f4 $1) 36... Rf7 (36... Re5 $5) 37. Re3 Bf5 38. Qc3 Qd8 39. Re1 $6 {"Sesse" gave 39 f4! as the winning move, but from a human perspective once can understand the logic behind leaving the the pawn on f3 giving the king somewhat more protection, as well as preparing the following manouver. And wile tactically flawed, it does win the game!} (39. f4 $1) 39... Rd7 40. Qe3 Rd4 $2 {When Karjakin played his 30th move, he had considerably more time left on is clock than Magnus, but in the ensuing complications he caught up and being short on time blunders the game with his last move before the time-control. 40...Re7! was possible as 41 Qg5?? then loses to 41... Rxe1+ as 42 Bxe1 leaves the queen unprotected on g5. Thus 41 Qc3 would be neccesary but after 41...Rd7 white would according to the computers not have better than a repetition draw after 42 Qe3.} (40... Re7 41. Qc3 (41. Qg5 $4 Rxe1+ 42. Bxe1 Qxg5+) 41... Rd7 42. Qe3) 41. Qg5 {Now, however, White just wins trivially. There thraet of exchanging queens as well as h5 and f5 hanging, is more than the black position can handle.} Qxg5+ 42. Bxg5 Rxc4 43. Rb2 $1 {Perhaps looking passive, but defending the b-pawn was neccesary. And as Larsen said: while opposite colored bishop endings often are drawn, when they are winning, the often win easily! And this is the case here indeed: White will rearrange to attack g7, and Black's bishop being of the opposite colour, means there just is no way to defend.} b5 44. Kf2 c5 45. bxc5 Rxc5 46. Rc1 Rd5 47. Rd2 Rxd2+ 48. Bxd2 Ne5 49. Rc7 b4 $5 {Trying to confuse the issue as else Bc3 next wins trivially.} 50. Rb7 Be6 51. Re7 $1 Nd3+ 52. Ke3 Bc4 53. Kd4 {But as 53... Bb5 54 Rb7 Ba6 55 Rb6 wins a piece and 53....Nb2 54 Bxb4 is hopeless, Karjakin resigned.} (53. Kd4 Bb5 (53... Nb2 54. Bxb4) 54. Rb7 Ba6 55. Rb6) 1-0

[Event "Norway Chess 9th"]
[Site "Stavanger"]
[Date "2021.09.17"]
[Round "10"]
[White "Nepomniachtchi, Ian"]
[Black "Carlsen, Magnus"]
[Result "1/2-1/2"]
[WhiteElo "2792"]
[BlackElo "2855"]
[PlyCount "65"]
[EventDate "2021.09.07"]
[EventType "tourn"]
[EventRounds "10"]
[EventCountry "NOR"]
[EventCategory "21"]
[SourceTitle "CBM 204"]
[Source "ChessBase"]
[SourceDate "2021.10.31"]
[SourceVersion "1"]
[SourceVersionDate "2021.10.31"]
[SourceQuality "1"]

1. e4 e5 2. Nf3 Nc6 3. Bc4 Bc5 4. c3 Nf6 5. d4 exd4 6. e5 d5 7. Bb5 Ne4 8. cxd4 Bb6 9. Nc3 O-O 10. Be3 Bg4 11. h3 Bh5 12. Qc2 Nxc3 13. bxc3 f6 14. exf6 Qxf6 15. Be2 Na5 16. O-O Bxf3 17. Bxf3 c6 18. Rae1 Nc4 19. Bc1 Qg6 20. Qd1 ({RR} 20. Qxg6 hxg6 21. Re7 Rf7 22. Re2 Ba5 23. Rc2 Re8 24. Be2 Rfe7 25. Bd3 Kf7 26. g3 b5 27. h4 Re1 28. Kg2 Bc7 29. a4 a5 30. Bg5 Rxf1 31. Kxf1 bxa4 32. Bxc4 dxc4 33. Ra2 Ke6 34. Rxa4 Kd5 {So,W (2772)-Carlsen,M (2847) chess24.com INT 2021 ½-½ (48)}) 20... Rae8 $146 ({RR} 20... Ba5 21. Bh5 Qf6 22. Qb3 b5 23. Bg4 Rae8 24. Qc2 Re7 25. Rxe7 Qxe7 26. Bf5 Bxc3 27. Bxh7+ Kh8 28. Qxc3 Kxh7 29. Re1 Qf7 30. Qg3 Re8 31. Rxe8 Qxe8 32. Ba3 Nxa3 33. Qxa3 Qe1+ 34. Kh2 a5 35. Qd3+ {Volokitin,A (2650)-Eljanov,P (2672) Lvov 2021 ½-½ (43)}) 21. Rxe8 Qxe8 22. Be2 Qe6 23. Bxc4 dxc4 24. Re1 Qf7 25. Qe2 Ba5 26. Qe3 h6 27. Ba3 Rd8 28. h4 Kh7 29. Re2 Qf5 30. Qc1 Rd5 31. f3 b5 32. Re4 Bb6 33. Be7 1/2-1/2

[Event "NOR-chT Elite 2122"]
[Site "Norway"]
[Date "2021.10.29"]
[Round "1.2"]
[White "Arvola, Benjamin"]
[Black "Carlsen, Magnus"]
[Result "0-1"]
[WhiteElo "2471"]
[BlackElo "2855"]
[PlyCount "114"]
[EventDate "2021.10.29"]
[EventType "team-tourn"]
[EventRounds "9"]
[EventCountry "NOR"]
[SourceTitle "CBM 204 Extra"]
[Source "ChessBase"]
[SourceDate "2022.09.12"]
[SourceVersion "1"]
[SourceVersionDate "2022.09.12"]
[SourceQuality "1"]
[WhiteTeam "Tromsoe"]
[BlackTeam "Offerspill"]
[WhiteTeamCountry "NOR"]
[BlackTeamCountry "NOR"]

1. e4 c6 2. d4 d5 3. exd5 cxd5 4. c4 Nf6 5. Nc3 e6 6. Nf3 Bb4 7. Bd3 dxc4 8. Bxc4 O-O 9. O-O b6 10. Bg5 Bb7 11. Ne5 h6 ({RR} 11... Bxc3 12. bxc3 Nbd7 13. Nxd7 Qxd7 14. Bxf6 gxf6 15. d5 Bxd5 16. Qg4+ Kh8 17. Qh4 Bxc4 18. Qxf6+ Kg8 19. Qg5+ Kh8 {½-½ (19) Shirov,A (2691)-Giri,A (2768) Hoogeveen 2014}) 12. Bh4 Nc6 ({RR} 12... Be7 13. Re1 Nbd7 14. Nxd7 Qxd7 15. d5 exd5 16. Bxd5 Rad8 17. Bxb7 Qxb7 18. Qe2 Rd7 19. Rad1 Rfd8 20. Rxd7 Rxd7 21. Rd1 Rxd1+ 22. Qxd1 b5 23. b3 g5 24. Bg3 b4 25. Ne2 Ne4 26. Be5 Qb5 27. Bd4 {Pilgaard,K (2353)-Lopez Martinez,J (2477) Rhodes GRE 2025 ½-½ (43)}) 13. Bxf6 Qxf6 $146 ({RR} 13... gxf6 14. Nxc6 Bxc6 15. Qg4+ Kh7 16. d5 Bxc3 17. dxc6 Be5 18. Rad1 Qc7 19. Qe4+ f5 20. Qf3 Rad8 21. g3 Bg7 22. b3 Rd6 23. Rxd6 Qxd6 24. Rd1 Qc5 25. Rd7 b5 26. Bf1 b4 27. Bc4 a5 28. Rb7 {Kazakov,M (2516)-Shimelkov,V (2159) Chess.com INT 2021 0-1 (47)}) 14. Nd7 Qh4 15. Nxf8 Rxf8 16. Re1 Nxd4 17. Bd3 f5 18. Re3 f4 19. Rh3 Qg5 20. Be4 Bxe4 21. Nxe4 Qe5 22. Rd3 Bc5 23. Nxc5 bxc5 24. f3 Rb8 25. b3 a5 26. Qe1 Qd5 27. Qe4 Qxe4 28. fxe4 Rb4 29. Kf2 a4 30. bxa4 Rxa4 31. Rc3 c4 32. a3 Nb5 33. Rcc1 Nd4 34. Rc3 Nb5 35. Rcc1 Nd4 36. Rcb1 Nb3 37. Ra2 Kf7 38. Kf3 g5 39. Ke2 Kf6 40. Kd1 Ke5 41. Kc2 g4 42. Kc3 f3 43. h3 h5 44. hxg4 hxg4 45. Rh1 Kf4 46. e5 Kxe5 47. gxf3 gxf3 48. Rh4 Nc1 49. Rah2 Ne2+ 50. Kc2 Kd5 51. Rh8 e5 52. Kb2 c3+ 53. Kb3 Ra7 54. Rc8 Rb7+ 55. Ka2 Rb2+ 56. Ka1 Rd2 57. a4 Nd4 0-1

[Event "NOR-chT Elite 2122"]
[Site "Norway"]
[Date "2022.02.05"]
[Round "5.4"]
[White "Carlsen, Magnus"]
[Black "Ostmoe, Geir S Tallaksen"]
[Result "1/2-1/2"]
[WhiteElo "2865"]
[BlackElo "2466"]
[PlyCount "168"]
[EventDate "2021.10.29"]
[EventType "team-tourn"]
[EventRounds "9"]
[EventCountry "NOR"]
[SourceTitle "EXT 2023"]
[Source "ChessBase"]
[SourceDate "2022.10.05"]
[SourceVersion "1"]
[SourceVersionDate "2022.10.05"]
[SourceQuality "1"]
[WhiteTeam "Offerspill"]
[BlackTeam "SOSS"]
[WhiteTeamCountry "NOR"]
[BlackTeamCountry "NOR"]

1. e4 c6 2. Nf3 d5 3. d3 dxe4 4. dxe4 Qxd1+ 5. Kxd1 Nd7 6. Nbd2 ({RR} 6. Nfd2 e5 7. a4 Nc5 8. f3 f5 9. b4 Na6 10. c3 Nf6 11. Bd3 fxe4 12. Nxe4 Be6 13. Bg5 Nd5 14. Re1 h6 15. Bh4 Nf4 16. Bf1 g5 17. Bf2 Kf7 18. Nbd2 Nc7 19. Kc2 Be7 20. Nc4 Rhd8 {Nepomniachtchi,I (2784)-Artemiev,V (2716) Chess.com INT 2020 0-1 (42)}) 6... e5 ({RR} 6... Ngf6 7. Ne1 g5 8. a4 h5 9. Nd3 g4 10. h3 Bg7 11. Be2 Nf8 12. hxg4 hxg4 13. Rxh8 Bxh8 14. a5 Ne6 15. e5 Nd7 16. Nc4 f5 17. exf6 Nxf6 18. Be3 Nc7 19. Ra4 Ncd5 20. Bd4 Bf5 21. Nce5 {Wachinger,N (2453)-Shagbazyan,T (2439) Prague CZE 2025 1-0 (55)}) 7. Nc4 f6 8. Nfd2 $146 ({RR} 8. Ne1 Nb6 9. Be3 Bg4+ 10. f3 Nxc4 11. Bxc4 Bh5 12. Nd3 Bf7 13. Bxf7+ Kxf7 14. a4 a5 15. Ke2 h5 16. Rhd1 Nh6 17. Nc5 Bxc5 18. Bxc5 Rhd8 19. Bb6 Rxd1 20. Rxd1 Ke8 21. Rd3 Nf7 22. Rb3 Kd7 {Popov,I (2636)-Galkin,A (2611) Moscow 2019 1-0 (49)}) 8... Nc5 9. a4 Be6 10. b4 Nd7 11. c3 Nh6 12. Kc2 Nf7 13. Nb3 Nd6 14. Nxd6+ Bxd6 15. Na5 O-O-O 16. Bc4 Bxc4 17. Nxc4 Be7 18. Be3 b6 19. Rhd1 Kc7 20. a5 b5 21. Nb6 Nb8 22. Rxd8 Bxd8 23. a6 Nxa6 24. Nc4 bxc4 25. Rxa6 Kd7 26. Rxa7+ Bc7 27. f4 Kc8 28. fxe5 fxe5 29. Ra8+ Bb8 30. Ra5 Kb7 31. b5 Rc8 32. b6 Rf8 33. Ra1 Rf6 34. g3 h5 35. Kd2 Rd6+ 36. Kc2 Rf6 37. Bc5 h4 38. Rd1 hxg3 39. hxg3 Rg6 40. Rd7+ Ka6 41. Rd8 Kb7 42. Bf2 Rf6 43. Be1 g6 44. Bd2 Bd6 45. Be3 c5 46. g4 Kxb6 47. Re8 Kc6 48. g5 Kd7 49. Ra8 Rf3 50. Kd2 Ke6 51. Ra6 Ke7 52. Ra7+ Kf8 53. Ra4 Be7 54. Rxc4 Rg3 55. Bxc5 Rxg5 56. Bb4 Rg2+ 57. Kd3 Rg3+ 58. Kc2 Bxb4 59. cxb4 Ke7 60. b5 Rf3 61. Rc5 Kd6 62. Rd5+ Ke6 63. Rd8 Ke7 64. Rg8 Kd6 65. Rxg6+ Kc5 66. b6 Rf7 67. Re6 Kd4 68. Kb3 Rf1 69. Ka4 Kxe4 70. Rd6 Rb1 71. Ka5 Kf3 72. Rf6+ Kg3 73. Rf5 e4 74. Rb5 Ra1+ 75. Kb4 Ra8 76. Kc3 e3 77. Kd3 Kf4 78. b7 Rd8+ 79. Ke2 Rb8 80. Rb4+ Ke5 81. Kxe3 Kd5 82. Kd3 Kc6 83. Kc4 Rxb7 84. Rxb7 Kxb7 1/2-1/2